000 00507cam a22001934a 4500
005 20250605164303.0
008 250528s ||||||||||||||||||||||||d
035 _a22161
020 _a9789605018917
040 _aGR-AtMCL
_bgre
_dGR-AtMCL
_eAACR2
245 1 _aΜΥΣΤΙΚΗ ΟΡΓΑΝΩΣΗ "ΤΕΤΡΑΚΤΥΣ"
250 _a1
260 _bΜεταίχμιο,
_c2013
300 _a349
700 1 _aΠαυλιωτης Αργυρης
_98027
942 _cBK
999 _c7217
_d7217